000 00365nam a22001457a 4500
999 _c8669
_d8669
003 OSt
008 200701b ||||| |||| 00| 0 eng d
100 _aS. B. Bhise
245 _aHuman Anatomy and Physiology
250 _a5th
_bVol.1
260 _aNew Delhi
_bNirali Prakashan
_c2019
300 _aMISC
650 _aHuman Anatomy and Physiology
942 _2ddc
_cBK
_09